000 00524nam a2200181Ia 4500
005 20250326130104.0
008 250326s9999 xx 000 0 und d
037 _aTextbook
040 _aFMSL
_beng
_cFMSL
041 _aeng
_2eng
084 _aX:51x L0
_qFMSL
100 _aMelan T
_9740093
245 0 _aManagerial marketing policies and decisions
_cMelan T; Smith S And Others
260 _aLondon
_bLondon, Houghton Miffin
_c1970
300 _a575p
942 _cTB
_hX:51x L0
999 _c1280864
_d1280864